<?xml version="1.0" encoding="UTF-8"?>
<record
    xmlns:xsi="http://www.w3.org/2001/XMLSchema-instance"
    xsi:schemaLocation="http://www.loc.gov/MARC21/slim http://www.loc.gov/standards/marcxml/schema/MARC21slim.xsd"
    xmlns="http://www.loc.gov/MARC21/slim">

  <leader>01512nam0a22003491  4500</leader>
  <controlfield tag="001">v19\rc\1590188</controlfield>
  <controlfield tag="005">20250618214048.0</controlfield>
  <datafield tag="035" ind1=" " ind2=" ">
    <subfield code="a">(NLR Aleph) 004714895</subfield>
  </datafield>
  <datafield tag="090" ind1=" " ind2=" ">
    <subfield code="a">4251659</subfield>
    <subfield code="c">4251659</subfield>
  </datafield>
  <datafield tag="100" ind1=" " ind2=" ">
    <subfield code="a">20061002e18941894|||y0rusy50      ca</subfield>
  </datafield>
  <datafield tag="101" ind1="0" ind2=" ">
    <subfield code="a">rus</subfield>
  </datafield>
  <datafield tag="102" ind1=" " ind2=" ">
    <subfield code="a">RU</subfield>
  </datafield>
  <datafield tag="105" ind1=" " ind2=" ">
    <subfield code="a">b   z   |||||</subfield>
  </datafield>
  <datafield tag="200" ind1="1" ind2=" ">
    <subfield code="a">&#x41B;&#x435;&#x441;&#x43D;&#x44B;&#x435; &#x43E;&#x430;&#x437;&#x438;&#x441;&#x44B;, &#x43F;&#x43E;&#x440;&#x43E;&#x441;&#x448;&#x438;&#x435; &#x43B;&#x435;&#x441;&#x43E;&#x43C; &#x43F;&#x435;&#x441;&#x43A;&#x438;, &#x43B;&#x435;&#x441;&#x43E;&#x440;&#x430;&#x437;&#x432;&#x435;&#x434;&#x435;&#x43D;&#x438;&#x435; &#x438; &#x43E;&#x440;&#x43E;&#x448;&#x435;&#x43D;&#x438;&#x435; &#x432; &#x417;&#x430;&#x443;&#x440;&#x430;&#x43B;&#x44C;&#x441;&#x43A;&#x438;&#x445;, &#x41A;&#x438;&#x440;&#x433;&#x438;&#x437;&#x441;&#x43A;&#x438;&#x445; &#x441;&#x442;&#x435;&#x43F;&#x44F;&#x445; &#x423;&#x440;&#x430;&#x43B;&#x44C;&#x441;&#x43A;&#x43E;&#x439; &#x43E;&#x431;&#x43B;&#x430;&#x441;&#x442;&#x438;</subfield>
    <subfield code="f">&#x427;. &#x428;&#x442;&#x440;&#x43E;&#x43C;&#x431;&#x435;&#x440;&#x433;</subfield>
  </datafield>
  <datafield tag="210" ind1=" " ind2=" ">
    <subfield code="a">&#x421;&#x430;&#x43D;&#x43A;&#x442;-&#x41F;&#x435;&#x442;&#x435;&#x440;&#x431;&#x443;&#x440;&#x433;</subfield>
    <subfield code="c">&#x442;&#x438;&#x43F;. &#x421;.-&#x41F;&#x435;&#x442;&#x435;&#x440;&#x431;. &#x433;&#x440;&#x430;&#x434;&#x43E;&#x43D;&#x430;&#x447;&#x430;&#x43B;&#x44C;&#x441;&#x442;&#x432;&#x430;</subfield>
    <subfield code="d">1894</subfield>
  </datafield>
  <datafield tag="215" ind1=" " ind2=" ">
    <subfield code="a">42 &#x441;., 1 &#x43B;. &#x43A;&#x430;&#x440;&#x442;.</subfield>
    <subfield code="d">23</subfield>
  </datafield>
  <datafield tag="300" ind1=" " ind2=" ">
    <subfield code="a">&#x414;&#x430;&#x442;&#x430; &#x446;&#x435;&#x43D;&#x437;. &#x440;&#x430;&#x437;&#x440;&#x435;&#x448;. 27 &#x44F;&#x43D;&#x432;. 1894 &#x433;.</subfield>
  </datafield>
  <datafield tag="300" ind1=" " ind2=" ">
    <subfield code="a">&#x427;&#x430;&#x441;&#x442;&#x44C; &#x442;&#x438;&#x440;&#x430;&#x436;&#x430; &#x432;&#x44B;&#x448;&#x43B;&#x430; &#x432; 2 &#x431;&#x440;&#x43E;&#x448;. &#x441; &#x446;&#x435;&#x43D;&#x437;. &#x440;&#x430;&#x437;&#x440;&#x435;&#x448;. 26 &#x44F;&#x43D;&#x432;. 1894 &#x433;.</subfield>
  </datafield>
  <datafield tag="311" ind1=" " ind2=" ">
    <subfield code="a">&#x41E;&#x442;&#x442;. &#x438;&#x437; "&#x41B;&#x435;&#x441;&#x43D;. &#x436;&#x443;&#x440;&#x43D;." 1894, &#x2116; 1-2</subfield>
  </datafield>
  <datafield tag="316" ind1=" " ind2=" ">
    <subfield code="a">&#x42D;&#x43A;&#x437;. &#x420;&#x41D;&#x411; (18.182.5.12(1-2)): &#x43E;&#x442;&#x441;&#x443;&#x442;&#x441;&#x442;&#x432;&#x443;&#x435;&#x442; 1 &#x43B;. &#x43A;&#x430;&#x440;&#x442;.</subfield>
    <subfield code="5">NLR: 18.182.5.12(1-2)</subfield>
  </datafield>
  <datafield tag="488" ind1=" " ind2="0">
    <subfield code="1">2001#$a&#x41B;&#x435;&#x441;&#x43D;&#x43E;&#x439; &#x436;&#x443;&#x440;&#x43D;&#x430;&#x43B;$v1894, &#x2116; 1-2</subfield>
    <subfield code="t">&#x41B;&#x435;&#x441;&#x43D;&#x43E;&#x439; &#x436;&#x443;&#x440;&#x43D;&#x430;&#x43B;</subfield>
  </datafield>
  <datafield tag="700" ind1=" " ind2="1">
    <subfield code="a">&#x428;&#x442;&#x440;&#x43E;&#x43C;&#x431;&#x435;&#x440;&#x433;</subfield>
    <subfield code="b">&#x427;.&#x41D;.</subfield>
    <subfield code="g">&#x427;&#x435;&#x441;&#x43B;&#x430;&#x432; &#x41D;&#x438;&#x43A;&#x43E;&#x43B;&#x430;&#x435;&#x432;&#x438;&#x447;</subfield>
  </datafield>
  <datafield tag="801" ind1=" " ind2="0">
    <subfield code="a">RU</subfield>
    <subfield code="b">NLR</subfield>
    <subfield code="g">psbo</subfield>
  </datafield>
  <datafield tag="801" ind1=" " ind2="0">
    <subfield code="a">RU</subfield>
    <subfield code="b">RuMoRGB</subfield>
    <subfield code="2">psbo</subfield>
  </datafield>
  <datafield tag="801" ind1=" " ind2="1">
    <subfield code="a">RU</subfield>
    <subfield code="b">ProSoft-M</subfield>
    <subfield code="2">rusmarc</subfield>
  </datafield>
  <datafield tag="852" ind1=" " ind2=" ">
    <subfield code="a">NLR</subfield>
    <subfield code="j">18.332.2.140</subfield>
  </datafield>
  <datafield tag="852" ind1=" " ind2=" ">
    <subfield code="a">NLR</subfield>
    <subfield code="j">18.182.5.12(1-2)</subfield>
  </datafield>
  <datafield tag="899" ind1=" " ind2=" ">
    <subfield code="a">RuMoRGB</subfield>
    <subfield code="j">D 30/392</subfield>
  </datafield>
  <datafield tag="899" ind1=" " ind2=" ">
    <subfield code="a">&#x411;&#x410;&#x41D;</subfield>
  </datafield>
  <datafield tag="899" ind1=" " ind2=" ">
    <subfield code="a">&#x41D;&#x411; &#x41C;&#x413;&#x423;</subfield>
  </datafield>
  <datafield tag="942" ind1=" " ind2=" ">
    <subfield code="c">BOOK</subfield>
  </datafield>
  <datafield tag="980" ind1=" " ind2=" ">
    <subfield code="a">NB</subfield>
  </datafield>
  <datafield tag="995" ind1=" " ind2=" ">
    <subfield code="5">2013-10-26</subfield>
    <subfield code="b">NLR02</subfield>
    <subfield code="c">NLR02</subfield>
    <subfield code="e">RFS</subfield>
    <subfield code="f">4714895-10</subfield>
    <subfield code="k">18.332.2.140</subfield>
    <subfield code="o">0</subfield>
    <subfield code="r">BOOK</subfield>
    <subfield code="s">183322140_</subfield>
  </datafield>
  <datafield tag="995" ind1=" " ind2=" ">
    <subfield code="5">2013-10-26</subfield>
    <subfield code="b">NLR02</subfield>
    <subfield code="c">NLR02</subfield>
    <subfield code="e">RFS</subfield>
    <subfield code="f">4714895-20</subfield>
    <subfield code="k">18.182.5.12(1-2)</subfield>
    <subfield code="o">0</subfield>
    <subfield code="r">BOOK</subfield>
    <subfield code="s">1818251212_</subfield>
  </datafield>
  <datafield tag="995" ind1=" " ind2=" ">
    <subfield code="5">2013-10-26</subfield>
    <subfield code="b">NLR01</subfield>
    <subfield code="c">NLR01</subfield>
    <subfield code="e">TEMP</subfield>
    <subfield code="f">4714895-40</subfield>
    <subfield code="o">0</subfield>
    <subfield code="r">BOOK</subfield>
  </datafield>
  <datafield tag="995" ind1=" " ind2=" ">
    <subfield code="5">2013-10-26</subfield>
    <subfield code="b">NLR01</subfield>
    <subfield code="c">NLR01</subfield>
    <subfield code="e">TEMP</subfield>
    <subfield code="f">4714895-50</subfield>
    <subfield code="o">0</subfield>
    <subfield code="r">BOOK</subfield>
  </datafield>
</record>
